000 00320 a2200145 4500
001 180003
020 _a
040 _cMagnum
100 _aGóes, Lúcia Pimentel
240 1 0 _aDragao grandao dragao anao
_lpor
245 1 0 _aDragao grandao dragao anao
362 0 _a1899
697 _aMAGNITO: I/GERAL
942 _cBK
999 _c180003
_d180003